Countries closest to Armenia - Statistics

General Stats
  • This quiz has been taken 34 times
  • The average score is 18 of 20
Answer Stats
km mi Country % Correct
0 0 Azerbaijan
100%
0 0 Iran
100%
223 138 Iraq
100%
111 69 Russia
100%
0 0 Turkey
100%
0 0 Georgia
97%
349 217 Syria
90%
1119 696 Israel
87%
867 539 Jordan
87%
533 331 Kazakhstan
87%
904 562 Saudi Arabia
87%
533 331 Turkmenistan
87%
720 447 Ukraine
87%
876 544 Uzbekistan
87%
882 548 Lebanon
83%
1253 778 Bulgaria
80%
937 582 Cyprus
77%
982 610 Kuwait
77%
1220 758 Moldova
73%
1201 746 Romania
70%
No matching quizzes found
Score Distribution
Percent of People with Each Score
Percentile by Number Answered
Your Score History
You have not taken this quiz